|
|
|
|
| LEADER |
00599nam a22001697a 4500 |
| 008 |
161021b xxu||||| |||| 00| 0 eng d |
| 020 |
|
|
|a 9788184112856
|
| 082 |
|
|
|a 659.1
|b VER
|
| 100 |
|
|
|a Verma, Shekhar
|
| 245 |
|
|
|a Advertising and public relations /
|c Shekhar Verma
|
| 250 |
|
|
|a 1st ed.
|
| 260 |
|
|
|a New Delhi :
|b Sonali Publications,
|c 2011.
|
| 300 |
|
|
|a 232p.
|
| 650 |
|
|
|a Public relations
|
| 942 |
|
|
|2 ddc
|c BK
|
| 999 |
|
|
|c 15602
|d 15602
|
| 952 |
|
|
|0 0
|1 0
|2 ddc
|4 0
|6 659_100000000000000_VER
|7 0
|9 22007
|a MAIN
|b MAIN
|d 2016-10-21
|e Pai Brothers
|g 800.00
|l 3
|m 2
|o 659.1 VER
|p 22094
|r 2019-02-16
|s 2019-02-15
|t 1
|w 2016-10-21
|y BK
|